Normal view
MARC view
- Khalil Gibran
Entry Personal Name
001 - CONTROL NUMBER
- control field: 27960
003 - CONTROL NUMBER IDENTIFIER
- control field: NUST
005 - DATE AND TIME OF LATEST TRANSACTION
- control field: 20200124102849.0
008 - FIXED-LENGTH DATA ELEMENTS
- fixed length control field: 200124|| aca||aabn | a|a d
040 ## - CATALOGING SOURCE
- Original cataloging agency: NUST
- Transcribing agency: NUST
100 ## - HEADING--PERSONAL NAME
- Personal name: Khalil Gibran
670 ## - SOURCE DATA FOUND
- Source citation: Work cat.: (NUST): Khalil Gibran, The Awakened Soul Selection........\, c2004
